<?xml version="1.0" encoding="UTF-8"?>
<collection xmlns="http://www.loc.gov/MARC21/slim">
 <record>
  <leader>01881nam0a2200277   4500</leader>
  <controlfield tag="001">in00000003920</controlfield>
  <controlfield tag="005">20230404132513.5</controlfield>
  <datafield tag="010" ind1=" " ind2=" ">
   <subfield code="a">978-7-210-09286-5</subfield>
   <subfield code="d">CNY80.00</subfield>
  </datafield>
  <datafield tag="035" ind1=" " ind2=" ">
   <subfield code="a">0102002911</subfield>
  </datafield>
  <datafield tag="100" ind1=" " ind2=" ">
   <subfield code="a">20170802d2017    em y0chiy50      ea</subfield>
  </datafield>
  <datafield tag="101" ind1="1" ind2=" ">
   <subfield code="a">chi</subfield>
   <subfield code="c">eng</subfield>
  </datafield>
  <datafield tag="102" ind1=" " ind2=" ">
   <subfield code="a">CN</subfield>
   <subfield code="b">360000</subfield>
  </datafield>
  <datafield tag="105" ind1=" " ind2=" ">
   <subfield code="a">y   z   000yy</subfield>
  </datafield>
  <datafield tag="106" ind1=" " ind2=" ">
   <subfield code="a">r</subfield>
  </datafield>
  <datafield tag="200" ind1="1" ind2=" ">
   <subfield code="a">厨艺的常识理论、方法与实践</subfield>
   <subfield code="9">chu yi de chang shi li lun、 fang fa yu shi jian</subfield>
   <subfield code="f">(美)迈克尔·鲁尔曼著</subfield>
   <subfield code="d">Ruhlman's twenty: the ideas and techniques that will make you a berrer cook</subfield>
   <subfield code="f">Michael Ruhlman</subfield>
   <subfield code="g">(美) 唐娜·鲁尔曼摄影</subfield>
   <subfield code="g">潘昱均译</subfield>
   <subfield code="z">eng</subfield>
  </datafield>
  <datafield tag="210" ind1=" " ind2=" ">
   <subfield code="a">南昌</subfield>
   <subfield code="c">江西人民出版社</subfield>
   <subfield code="d">2017</subfield>
  </datafield>
  <datafield tag="215" ind1=" " ind2=" ">
   <subfield code="a">367页</subfield>
   <subfield code="d">24cm</subfield>
  </datafield>
  <datafield tag="314" ind1=" " ind2=" ">
   <subfield code="a">迈克尔·鲁尔曼,畅销美食作家,曾就读于美国厨艺学院(Culinary Institute of America)。勤于笔耕又精于烹饪,堪称是最有厨师灵魂的作家。美食写作生涯获奖无数,曾与多位名厨共事,与美国主厨托马斯·凯勒(Thomas Keller)合作《法国洗衣店餐厅食谱》(The French Laundry Cookbook)、与法国主厨埃里克·里佩尔(Eric Ripert)合著《回归烹饪》(A Return to Cooking)等书。</subfield>
  </datafield>
  <datafield tag="330" ind1=" " ind2=" ">
   <subfield code="a">本书作者迈克尔·鲁尔曼是美国最受关注的美食作家之一,他从自己十多年的美食写作历程和与世界顶级厨师的合作中汲取经验,融会贯通,化繁为简,将烹饪的基础整理成20个要点,并以120道经典食谱和300张精彩图片展现这20个核心技法和原则。</subfield>
  </datafield>
  <datafield tag="510" ind1="1" ind2=" ">
   <subfield code="a">Ruhlman's twenty: the ideas and techniques that will make you a berrer cook</subfield>
   <subfield code="z">eng</subfield>
  </datafield>
  <datafield tag="606" ind1="0" ind2=" ">
   <subfield code="a">烹饪</subfield>
   <subfield code="x">方法</subfield>
  </datafield>
  <datafield tag="690" ind1=" " ind2=" ">
   <subfield code="a">TS972.11</subfield>
   <subfield code="v">5</subfield>
  </datafield>
  <datafield tag="701" ind1=" " ind2="1">
   <subfield code="c">(美)</subfield>
   <subfield code="a">鲁尔曼</subfield>
   <subfield code="9">lu er man</subfield>
   <subfield code="c">(Ruhlman, Michael)</subfield>
   <subfield code="4">著</subfield>
  </datafield>
  <datafield tag="702" ind1=" " ind2="1">
   <subfield code="c">(美)</subfield>
   <subfield code="a">鲁尔曼</subfield>
   <subfield code="9">lu er man</subfield>
   <subfield code="b">唐娜</subfield>
   <subfield code="4">摄影</subfield>
  </datafield>
  <datafield tag="702" ind1=" " ind2="0">
   <subfield code="a">潘昱均</subfield>
   <subfield code="9">pan yu jun</subfield>
   <subfield code="4">译</subfield>
  </datafield>
  <datafield tag="999" ind1="f" ind2="f">
   <subfield code="s">db77b2fa-8787-4c38-b0eb-559c157c6bb3</subfield>
   <subfield code="i">38a0a4d4-9ccf-475a-b042-10188f63becf</subfield>
  </datafield>
 </record>
</collection>
